header

Paul and the power of sin (Record no. 338)

MARC details
000 -LEADER
fixed length control field 01450nam a22003374a 4500
082 04 - DEWEY DECIMAL CLASSIFICATION NUMBER
Classification number 241/.3/092
100 1# - MAIN ENTRY--AUTHOR NAME
Personal name Carter, T. L.
245 10 - TITLE STATEMENT
Title Paul and the power of sin
260 ## - PUBLICATION, DISTRIBUTION, ETC. (IMPRINT)
Place of publication Cambridge ;
-- New York :
Name of publisher Cambridge University Press,
Year of publication 2002.
300 ## - PHYSICAL DESCRIPTION
Number of Pages xiv, 241 p. :
Other physical details ill.
490 1# - SERIES STATEMENT
Series statement Society for New Testament Studies monograph series ;
650 #0 - SUBJECT ADDED ENTRY--TOPICAL TERM
Topical Term Sin
Topical Term Gentiles in the New Testament.
856 40 - ELECTRONIC LOCATION AND ACCESS
Uniform Resource Identifier http://site.ebrary.com/lib/rucke/Doc?id=10006808

No items available.

© 2026 Rongo University
Contact us: librarian | system librarian | Rongo university